Science and labour : Being the Principal addresses at the conference on science and labour held in London on 30th and 31 st May 1924
Guardat en:
| Autor principal: | |
|---|---|
| Format: | Llibre |
| Idioma: | Undetermined |
| Publicat: |
London
Ernest Benn Limited
1924
|
| Matèries: | |
| Etiquetes: |
Afegir etiqueta
Sense etiquetes, Sigues el primer a etiquetar aquest registre!
|
| Thư viện lưu trữ: | Trung tâm Học liệu Trường Đại học Cần Thơ |
|---|
| LEADER | 00613nam a2200181Ia 4500 | ||
|---|---|---|---|
| 001 | CTU_78534 | ||
| 008 | 210402s9999 xx 000 0 und d | ||
| 082 | |a 324.24107 | ||
| 082 | |b H919 | ||
| 100 | |a Humberstone, Thomas Lloid | ||
| 245 | 0 | |a Science and labour : | |
| 245 | 0 | |b Being the Principal addresses at the conference on science and labour held in London on 30th and 31 st May 1924 | |
| 245 | 0 | |c Thomas Lloid Humberstone, Right Hon, Lord Askwith | |
| 260 | |a London | ||
| 260 | |b Ernest Benn Limited | ||
| 260 | |c 1924 | ||
| 650 | |a Labour party | ||
| 980 | |a Trung tâm Học liệu Trường Đại học Cần Thơ | ||